00454nam a2200133Ia 45000010005000000080041000050820026000461000100000722450082001722600018002545900007002729010026002799990015003053205241024s9999 xx 000 0 und d aRD/371.716/R426c/2011 aRepública Dominicana. Ministerio de Educación. Dirección General de Bienestar Estudiantil 0aComisión evaluadora de los procesos administrativos y operativos de la DGBE bSanto Domingo asi a5/9/2013 9:23:51 a.m. c8801d8801